[Event "AUT-ch Vor1 Internet"]
[Site "Playchess.com INT"]
[Date "2020.04.11"]
[Round "2"]
[White "Kienboeck, Samuel"]
[Black "Kellner, Nikolaus"]
[Result "1-0"]
[WhiteElo "1056"]
[BlackElo "1685"]
[PlyCount "45"]
[EventDate "2020.04.11"]
[EventType "swiss (blitz)"]
[EventRounds "9"]
[EventCountry "AUT"]
[SourceTitle "CBM 195 Extra"]
[Source "ChessBase"]
[SourceDate "2020.05.31"]
[SourceVersion "1"]
[SourceVersionDate "2020.05.31"]
[SourceQuality "1"]

1. e4 d5 2. exd5 Nf6 3. Nc3 Nxd5 4. Nge2 e6 5. d4 Nc6 6. g3 Bd6 7. Bg2 Nxc3 8. Nxc3 Bd7 9. 0-0 Qf6 10. Re1 0-0 11. d5 Na5 12. Ne4 Qe7 13. dxe6 Bxe6 14. Nxd6 Qxd6 15. Qxd6 cxd6 16. Bd2 Nc6 17. b4 a6 18. a3 Rac8 19. c3 b5 20. a4 Ne5 21. Bb7 Rb8 22. Bxa6 Nc4 23. Bf4 1-0

[Event "AUT-ch Vor1 Internet"]
[Site "Playchess.com INT"]
[Date "2020.04.11"]
[Round "1"]
[White "Rosol, Alexander"]
[Black "Kienboeck, Samuel"]
[Result "1-0"]
[WhiteElo "1933"]
[BlackElo "1056"]
[PlyCount "115"]
[EventDate "2020.04.11"]
[EventType "swiss (blitz)"]
[EventRounds "9"]
[EventCountry "AUT"]
[SourceTitle "CBM 195 Extra"]
[Source "ChessBase"]
[SourceDate "2020.05.31"]
[SourceVersion "1"]
[SourceVersionDate "2020.05.31"]
[SourceQuality "1"]

1. e4 e5 2. Nf3 Nc6 3. d4 exd4 4. Bc4 Nf6 5. 0-0 Bc5 6. c3 0-0 7. cxd4 Bb4 8. Bg5 d5 9. Bxd5 Be6 10. Bxc6 bxc6 11. e5 h6 12. Bh4 g5 13. Nxg5 hxg5 14. Bxg5 Be7 15. exf6 Bxf6 16. Bxf6 Qxf6 17. Nc3 Rab8 18. Ne4 Qg6 19. Qf3 Bd5 20. Nf6+ Kg7 21. Nxd5 cxd5 22. Qxd5 c6 23. Qe5+ f6 24. Qc7+ Kh6 25. b3 Qf7 26. Qf4+ Kg6 27. Rfe1 Qd5 28. Re7 Rbe8 29. Qg4+ Qg5 30. Qxg5+ fxg5 31. Rxe8 Rxe8 32. Kf1 Kf5 33. f3 Kf4 34. Kf2 g4 35. g3+ Kg5 36. f4+ Kf5 37. Rc1 Rc8 38. d5 Ke4 39. dxc6 Kd5 40. c7 Kd6 41. f5 Ke5 42. b4 Kxf5 43. b5 Ke6 44. a4 Kd6 45. Ke3 Kd5 46. a5 Kd6 47. b6 axb6 48. axb6 Re8+ 49. Kf4 Kd7 50. b7 Rf8+ 51. Kxg4 Rg8+ 52. Kh3 Rh8+ 53. Kg2 Rh6 54. c8Q+ Ke7 55. b8Q Kf7 56. Qbc7+ Kg6 57. Rc6+ Kh5 58. Qe5# 1-0

[Event "AUT-ch U10"]
[Site "St Kanzian"]
[Date "2018.06.01"]
[Round "3.13"]
[White "Wagner, Xaver"]
[Black "Kienboeck, Samuel"]
[Result "1-0"]
[WhiteElo "1200"]
[BlackElo "1022"]
[PlyCount "45"]
[EventDate "2018.06.01"]
[EventType "swiss"]
[EventRounds "7"]
[EventCountry "AUT"]
[SourceTitle "EXT 2024"]
[Source "ChessBase"]
[SourceDate "2023.10.10"]
[SourceVersion "1"]
[SourceVersionDate "2023.10.10"]
[SourceQuality "1"]

1. e4 e5 2. Nf3 Nc6 3. Bc4 Bc5 4. Nc3 Nf6 5. d3 d6 6. Bg5 Bg4 7. Nd5 Bxf3 8. Qxf3 Nd4 9. Qd1 h6 10. Nxf6+ gxf6 11. Bh4 c6 12. c3 Ne6 13. Bxe6 fxe6 14. Qf3 Kf7 15. Qh5+ Kg7 16. 0-0-0 Qb6 17. Qf3 Raf8 18. b4 Bxb4 19. cxb4 Qxb4 20. Qg4+ Kf7 21. Qh5+ Kg7 22. Qe2 Qc3+ 23. Qc2 1-0

[Event "AUT-ch U08"]
[Site "St Kanzian"]
[Date "2017.06.17"]
[Round "6.2"]
[White "Ernst, Robert"]
[Black "Kienboeck, Samuel"]
[Result "1-0"]
[WhiteElo "867"]
[BlackElo "1018"]
[PlyCount "97"]
[EventDate "2017.06.16"]
[EventType "swiss"]
[EventRounds "7"]
[EventCountry "AUT"]
[SourceTitle "EXT 2024"]
[Source "ChessBase"]
[SourceDate "2023.10.10"]
[SourceVersion "1"]
[SourceVersionDate "2023.10.10"]
[SourceQuality "1"]

1. e4 e5 2. Nf3 Nc6 3. Bc4 Nf6 4. d3 Be7 5. 0-0 0-0 6. Bg5 d6 7. Nbd2 Na5 8. Bb5 c6 9. Ba4 b5 10. Bb3 Nxb3 11. axb3 Kh8 12. h3 Ng8 13. Bxe7 Qxe7 14. Re1 f5 15. Kh1 f4 16. c3 g5 17. Nh2 g4 18. Nxg4 Bxg4 19. Qxg4 Nf6 20. Qf3 Rg8 21. Nf1 Rg6 22. Nh2 Rag8 23. Rg1 Qg7 24. Ra6 Rc8 25. d4 Rg3 26. fxg3 Qxg3 27. Qxg3 fxg3 28. Nf1 Rg8 29. Rxc6 Nxe4 30. Nxg3 Nxg3+ 31. Kh2 exd4 32. Rxd6 Nf5 33. Rd7 Ng3 34. Rxa7 d3 35. Rd7 Ne2 36. Rf1 Ng3 37. Rff7 Re8 38. Kxg3 Re3+ 39. Kf4 Re8 40. Rxd3 Kg8 41. Rb7 Rf8+ 42. Ke5 Re8+ 43. Kf6 Rf8+ 44. Kg5 h6+ 45. Kxh6 Rf6+ 46. Kg5 Rf2 47. Rd8+ Rf8 48. Rxf8+ Kxf8 49. Kf6 1-0